<?xml version="1.0" encoding="UTF-8"?>
<record
    xmlns:xsi="http://www.w3.org/2001/XMLSchema-instance"
    xsi:schemaLocation="http://www.loc.gov/MARC21/slim http://www.loc.gov/standards/marcxml/schema/MARC21slim.xsd"
    xmlns="http://www.loc.gov/MARC21/slim">

  <leader>01364nam a22001817a 4500</leader>
  <controlfield tag="008">120824t        xxu||||| |||| 00| 0 eng d</controlfield>
  <datafield tag="020" ind1=" " ind2=" ">
    <subfield code="a">0697218139</subfield>
  </datafield>
  <datafield tag="050" ind1=" " ind2=" ">
    <subfield code="a">QA76.76.I57 P78</subfield>
  </datafield>
  <datafield tag="100" ind1=" " ind2=" ">
    <subfield code="a">Poole, Bernard</subfield>
  </datafield>
  <datafield tag="245" ind1=" " ind2=" ">
    <subfield code="a">Essential microsoft works: tutorials for teachers versions 2.0 and 3.0. /</subfield>
    <subfield code="c">Bernard J. Poole and Susan Giorgio Bond</subfield>
  </datafield>
  <datafield tag="260" ind1=" " ind2=" ">
    <subfield code="a">Madison Wisconsin:</subfield>
    <subfield code="b">Brown and Benchmark,</subfield>
    <subfield code="c">c1994</subfield>
  </datafield>
  <datafield tag="300" ind1=" " ind2=" ">
    <subfield code="a">xii, 260 p.:</subfield>
    <subfield code="b">ill.;</subfield>
    <subfield code="c">28cm.</subfield>
  </datafield>
  <datafield tag="500" ind1=" " ind2=" ">
    <subfield code="a">Includes index.</subfield>
  </datafield>
  <datafield tag="505" ind1=" " ind2=" ">
    <subfield code="a">Contents: Introduction -- Beginner's introduction to works: fundamentals of electronic data management -- Introduction to the word processor: writing a conference call letter -- Introduction to the database: keeping student records -- Introduction to the spreadsheet: preparing a gradesheet -- More on word processing: working with larger documents -- More on database use: manipulating the data in the database -- More on the use of the spreadsheet: making changes to existing spreadsheets -- Integrating the three components of works: mail merge and related operations -- Appendix A: Beginner's introduction to computers -- Appendix B: The Works communications module: connecting your Mac to the world -- Appendix C: Works at a glance: the basic works menu system (version 2.0 and 3.0).</subfield>
  </datafield>
  <datafield tag="650" ind1=" " ind2=" ">
    <subfield code="a">Microsoft office</subfield>
  </datafield>
  <datafield tag="700" ind1=" " ind2=" ">
    <subfield code="a">Bond, Susan Giorgio</subfield>
  </datafield>
  <datafield tag="942" ind1=" " ind2=" ">
    <subfield code="2">lcc</subfield>
    <subfield code="c">BK</subfield>
  </datafield>
  <datafield tag="999" ind1=" " ind2=" ">
    <subfield code="c">2160</subfield>
    <subfield code="d">9660</subfield>
  </datafield>
  <datafield tag="952" ind1=" " ind2=" ">
    <subfield code="0">0</subfield>
    <subfield code="1">0</subfield>
    <subfield code="2">lcc</subfield>
    <subfield code="4">0</subfield>
    <subfield code="7">0</subfield>
    <subfield code="a">WIUC-1</subfield>
    <subfield code="b">WIUC-1</subfield>
    <subfield code="c">GEN</subfield>
    <subfield code="d">2012-08-24</subfield>
    <subfield code="l">0</subfield>
    <subfield code="o">QA76.76.I57 P78</subfield>
    <subfield code="p">5081/12</subfield>
    <subfield code="r">2012-08-24 00:00:00</subfield>
    <subfield code="t">1</subfield>
    <subfield code="w">2012-08-24</subfield>
    <subfield code="y">BK</subfield>
  </datafield>
  <datafield tag="952" ind1=" " ind2=" ">
    <subfield code="0">0</subfield>
    <subfield code="1">0</subfield>
    <subfield code="2">lcc</subfield>
    <subfield code="4">0</subfield>
    <subfield code="7">0</subfield>
    <subfield code="a">WIUC-1</subfield>
    <subfield code="b">WIUC-1</subfield>
    <subfield code="c">GEN</subfield>
    <subfield code="d">2012-08-24</subfield>
    <subfield code="l">0</subfield>
    <subfield code="o">QA76.76.I57 P781</subfield>
    <subfield code="p">5082/12</subfield>
    <subfield code="r">2012-08-24 00:00:00</subfield>
    <subfield code="t">2</subfield>
    <subfield code="w">2012-08-24</subfield>
    <subfield code="y">BK</subfield>
  </datafield>
  <datafield tag="952" ind1=" " ind2=" ">
    <subfield code="0">0</subfield>
    <subfield code="1">0</subfield>
    <subfield code="2">lcc</subfield>
    <subfield code="4">0</subfield>
    <subfield code="7">0</subfield>
    <subfield code="a">WIUC-1</subfield>
    <subfield code="b">WIUC-1</subfield>
    <subfield code="c">GEN</subfield>
    <subfield code="d">2012-08-24</subfield>
    <subfield code="l">0</subfield>
    <subfield code="o">QA76.76.I57 P782</subfield>
    <subfield code="p">5083/12</subfield>
    <subfield code="r">2012-08-24 00:00:00</subfield>
    <subfield code="t">3</subfield>
    <subfield code="w">2012-08-24</subfield>
    <subfield code="y">BK</subfield>
  </datafield>
  <datafield tag="952" ind1=" " ind2=" ">
    <subfield code="0">0</subfield>
    <subfield code="1">0</subfield>
    <subfield code="2">lcc</subfield>
    <subfield code="4">0</subfield>
    <subfield code="7">0</subfield>
    <subfield code="a">WIUC-1</subfield>
    <subfield code="b">WIUC-1</subfield>
    <subfield code="c">GEN</subfield>
    <subfield code="d">2012-08-24</subfield>
    <subfield code="l">0</subfield>
    <subfield code="o">QA76.76.I57 P783</subfield>
    <subfield code="p">5084/12</subfield>
    <subfield code="r">2012-08-24 00:00:00</subfield>
    <subfield code="t">4</subfield>
    <subfield code="w">2012-08-24</subfield>
    <subfield code="y">BK</subfield>
  </datafield>
</record>
